Welcome to the Holygrace Academy Library

Please use search bar below to get started

SEA HORSES (Record no. 1848)

MARC details
000 -LEADER
fixed length control field 00359nam a22001577a 4500
020 ## - INTERNATIONAL STANDARD BOOK NUMBER
ISBN 0-14-131439-7
082 ## - DEWEY DECIMAL CLASSIFICATION NUMBER
Classification number 823
Item number CON/D
100 ## - MAIN ENTRY--AUTHOR NAME
Personal name LOUISE COOPER
245 ## - TITLE STATEMENT
Title SEA HORSES
Remainder of title SHORT STORY
246 ## - VARYING FORM OF TITLE
Title proper/short title SEA HORSES
Remainder of title SHORT STORY
260 ## - PUBLICATION, DISTRIBUTION, ETC. (IMPRINT)
Place of publication ENGLAND
Name of publisher PUFFIN BOOKS
Year of publication 2003
300 ## - PHYSICAL DESCRIPTION
Number of Pages 148
520 ## - SUMMARY, ETC.
Summary, etc SHORT STORY
650 ## - SUBJECT ADDED ENTRY--TOPICAL TERM
Topical Term SHORT STORY
942 ## - ADDED ENTRY ELEMENTS (KOHA)
Koha item type Books
Holdings
Withdrawn status Lost status Collection code Home library Current library Shelving location Date acquired Source of acquisition Cost, normal purchase price Full call number Accession Number Koha item type
    Fiction Main Library Main Library SHELF 4-B ANIMAL ARK 14/09/2023 Purchase 517.00 823 CON/D 07963 Books
    Fiction Main Library Main Library SHELF 4-B ANIMAL ARK 17/07/2019 Purchase 309.00 823 CON/D 11258 Books
    Fiction Main Library Main Library SHELF 4-B ANIMAL ARK 21/03/2014 Purchase 309.00 823 CON/D 08040 Books
    Fiction Main Library Main Library SHELF 4-B ANIMAL ARK 25/03/2014 Purchase 413.00 823 CON/D 08198 Books
    Fiction Main Library Main Library SHELF 4-B ANIMAL ARK 21/03/2014 Purchase 413.00 823 CON/D 08041 Books
    Fiction Main Library Main Library SHELF 4-B ANIMAL ARK 25/10/2019 Purchase   823 CON/D 11751 Books
    Fiction Main Library Main Library SHELF 4-B ANIMAL ARK 19/07/2019 Purchase 413.00 823 CON/D 11410 Books